000
00319nam a2200133Ia 4500
008
240624s9999 xx 000 0 und d
041
_a
eng
082
_a
823 GHO
100
_a
GHOSH AMITAV
245
_a
SEA OF POPPIES
260
_c
2008
_a
New Delhi
_b
Penguin Viking
300
_a
515 : p. : cm. ; 23
365
_c
RS
_b
20
999
_c
11518
_d
11518